| 000 | 00580cam a22002172 4500 | ||
|---|---|---|---|
| 001 | 0000002051 | ||
| 005 | 20151217155815.0 | ||
| 008 | 070402s xx 000 0 eng d | ||
| 020 | _cKES 657 | ||
| 040 |
_aKABU _cKABU |
||
| 050 | 0 |
_aHF1008 _b.G53 1991 |
|
| 100 | 1 |
_aGichira, R. N. _@0000151268 |
|
| 245 | 1 | 0 |
_aCommerce for Kenya / _cR. N. Gichira. |
| 250 | _arev. ed. | ||
| 260 |
_aNairobi : _bMacmillan, _c1991. |
||
| 300 | _a344 p. | ||
| 650 | 0 |
_aCommerce. _@0000151269 |
|
| 908 | _a070402 | ||
| 950 | _@1 | ||
| 999 |
_c12684 _d12684 |
||